[Event "Dutch Open 2015"]
[Site "Dieren NED"]
[Date "2015.07.25"]
[Round "5.16"]
[White "Ypma, Peter"]
[Black "Roorda, Thijs"]
[Result "1-0"]
[WhiteElo "2246"]
[BlackElo "2103"]
[WhiteFideId "1027255"]
[BlackFideId "1027930"]
[EventDate "2015.07.21"]

1. g3 Nf6 2. Bg2 g6 3. e4 d6 4. d4 Bg7 5. Ne2 c5 6. O-O cxd4 7. Nxd4 O-O 8. c4
Qc7 9. b3 Ng4 10. Bb2 Qc5 11. Na3 Nc6 12. Nac2 Nce5 13. h3 Nf6 14. f4 Nc6 15.
Kh2 Bd7 16. Rb1 Rad8 17. Re1 Rfe8 18. Nxc6 Bxc6 19. Bd4 Qa5 20. b4 Qxa2 21. Qd3
b5 22. cxb5 Bxb5 23. Qxb5 Qxc2 24. Rbc1 Qa2 25. Re2 Qa3 26. Ra1 Qb3 27. Rb2 Qe6
28. Qd3 Rc8 29. Rxa7 Rc1 30. Bxf6 Bxf6 31. e5 dxe5 32. Bd5 Rc3 33. Qxc3 Qxd5 34.
Ra5 exf4 35. Rxd5 Bxc3 36. Rb3 fxg3+ 37. Kxg3 e6 38. Rd7 Be1+ 39. Kf3 Rb8 40. b5
Ba5 41. Ke4 Kf8 42. Kd3 Ke8 43. Rd6 Ke7 44. Rc6 Bb6 45. Kc4 g5 46. Ra3 h5 47.
Ra6 Bd8 48. b6 Kd7 49. Kb5 g4 50. Ra7+ Ke8 51. b7 Kd7 52. hxg4 hxg4 53. Rc2 f5
54. Ka6 Bc7 55. Ra8 g3 56. Ka7 Rxb7+ 57. Kxb7 Bd6 58. Rd2 Ke7 59. Kc6 Bb4 60.
Rg2 Be1 61. Kc5 f4 62. Re2 Bf2+ 63. Rxf2 gxf2 64. Ra1 Kf6 65. Kd4 Kf5 66. Kd3
Kg4 67. Ke2 Kg3 68. Ra8 f3+ 69. Kf1 e5 70. Rg8+ Kf4 71. Kxf2 e4 72. Re8 1-0

[Event "Dutch Open 2015"]
[Site "Dieren NED"]
[Date "2015.07.25"]
[Round "5.17"]
[White "Lentjes, Noud"]
[Black "Mueer, Sebastian"]
[Result "0-1"]
[WhiteElo "2116"]
[BlackElo "2210"]
[WhiteFideId "1029827"]
[BlackFideId "24622001"]
[EventDate "2015.07.21"]

1. e4 e6 2. d4 d5 3. Nd2 Nf6 4. e5 Nfd7 5. Bd3 c5 6. c3 Nc6 7. Ne2 cxd4 8. cxd4
f6 9. exf6 Nxf6 10. Nf3 Bd6 11. O-O Qc7 12. Nc3 a6 13. Bd2 O-O 14. Rc1 Bd7 15.
Re1 Rae8 16. Na4 Qd8 17. Nc5 Bc8 18. Qb3 Bxc5 19. Rxc5 Nd7 20. Rc3 Rxf3 21.
Bxh7+ Kxh7 22. Rxf3 Kg8 23. Qd3 e5 24. Qg6 Qe7 25. Bg5 Qe6 26. Qh5 Nxd4 27. Rh3
Rf8 28. Ree3 Nf6 29. Bxf6 Qxf6 30. Qh7+ Kf7 31. Rhg3 Bf5 32. Qh5+ Ke6 33. f4 e4
34. Qd1 Rc8 35. Rc3 Nc6 36. Rg5 Kd6 37. g4 Be6 38. Qd2 Nd4 0-1

[Event "Dutch Open 2015"]
[Site "Dieren NED"]
[Date "2015.07.25"]
[Round "5.18"]
[White "Foisor, Sabina-Francesca"]
[Black "Boersma, Jan"]
[Result "0-1"]
[WhiteTitle "WGM"]
[WhiteElo "2202"]
[BlackElo "2119"]
[WhiteFideId "1212915"]
[BlackFideId "1003267"]
[EventDate "2015.07.21"]

1. d4 Nf6 2. c4 g6 3. Nc3 Bg7 4. e4 O-O 5. Nf3 d6 6. Be2 c5 7. d5 Na6 8. h3 Re8
9. O-O e6 10. Bf4 Nh5 11. Bg5 f6 12. Bd2 e5 13. Nh2 Nf4 14. Bg4 f5 15. Bf3 Nb4
16. Kh1 Bd7 17. Be3 a6 18. a3 Nbd3 19. Qd2 b5 20. g3 bxc4 21. gxf4 Rb8 22. Rab1
Qh4 23. fxe5 Bxe5 24. Bg2 f4 25. Bxc5 dxc5 26. Nf3 Qh5 27. Ng1 Rb3 28. Nce2 Reb8
29. Qa5 Qh4 30. f3 Nf2+ 31. Kh2 Qg3+ 0-1

[Event "Dutch Open 2015"]
[Site "Dieren NED"]
[Date "2015.07.25"]
[Round "5.19"]
[White "Van der Werve, Paul"]
[Black "Van Osch, Mees"]
[Result "0-1"]
[WhiteElo "2143"]
[BlackElo "2264"]
[WhiteFideId "1050168"]
[BlackFideId "1035967"]
[EventDate "2015.07.21"]

1. e4 c5 2. c3 Nf6 3. e5 Nd5 4. Nf3 Nc6 5. Bc4 Nb6 6. Bb3 c4 7. Bc2 Qc7 8. Qe2
g5 9. Na3 g4 10. Nb5 Qb8 11. Nh4 Nxe5 12. O-O e6 13. f4 Ng6 14. Qxg4 h5 15. Qg3
Nxh4 16. Qxh4 Be7 17. Qg3 Nd5 18. d3 cxd3 19. Qxd3 a6 20. Nd4 b6 21. Bd2 Bb7 22.
Rae1 Qc7 23. Nf3 Rg8 24. Re5 O-O-O 25. c4 Nb4 26. Bxb4 Bxb4 27. a3 Bd6 28. Rxh5
Bxf4 29. Qe2 f5 30. Rf2 Rg7 31. Rh3 Rdg8 32. b4 Kb8 33. Ne1 Be5 34. Nf3 Bxf3 35.
Rfxf3 Rxg2+ 36. Qxg2 Rxg2+ 37. Kxg2 Qxc4 38. Bd3 Qg4+ 39. Kf1 b5 40. Be2 Qd4 41.
Rd3 Qf4+ 42. Bf3 Bd4 43. Rg3 e5 44. Ke2 Qh4 45. Bd5 Qxh2+ 46. Rg2 Qh5+ 47. Kd2
Qh6+ 48. Kc2 Qd6 49. Bb3 Qc6+ 0-1

[Event "Dutch Open 2015"]
[Site "Dieren NED"]
[Date "2015.07.25"]
[Round "5.20"]
[White "Schoppen, Casper"]
[Black "Bakker, Guido"]
[Result "0-1"]
[WhiteElo "2215"]
[BlackElo "2117"]
[WhiteFideId "1046730"]
[BlackFideId "1027875"]
[EventDate "2015.07.21"]

1. e4 c5 2. Nf3 Nc6 3. d4 cxd4 4. Nxd4 Nf6 5. Nc3 e5 6. Ndb5 d6 7. Bg5 a6 8. Na3
b5 9. Nd5 Be7 10. Bxf6 Bxf6 11. c3 Bg5 12. Nc2 Rb8 13. a4 bxa4 14. Ncb4 Nxb4 15.
cxb4 O-O 16. Rxa4 a5 17. b5 Bd7 18. Nc3 d5 19. exd5 e4 20. Rxe4 f5 21. Ra4 Re8+
22. Be2 Bxb5 23. Nxb5 Rxb5 24. O-O Rxb2 25. Bd3 g6 26. Qf3 Kg7 27. Ba6 Bf6 28.
Qd3 Qb6 29. Raa1 Ree2 30. Rab1 Rxf2 31. Rxb2 Rxb2+ 32. Kh1 Be5 33. Bc8 Qb5 34.
Qd1 Qe2 35. Qxe2 Rxe2 36. g3 a4 37. Ba6 Rd2 38. Rf3 Rxd5 39. Bc4 Rd1+ 40. Kg2
Rc1 41. Be6 Bd6 42. Rd3 Rc2+ 43. Kf3 Bc5 44. g4 fxg4+ 45. Kg3 h5 46. h3 gxh3 47.
Kxh3 a3 48. Rd8 Kf6 49. Bg8 Ke7 50. Rc8 g5 51. Rc7+ Kd8 52. Rc6 g4+ 0-1

[Event "Dutch Open 2015"]
[Site "Dieren NED"]
[Date "2015.07.27"]
[Round "6.1"]
[White "Reinderman, Dimitri"]
[Black "Moradiabadi, Elshan"]
[Result "1-0"]
[WhiteTitle "GM"]
[BlackTitle "GM"]
[WhiteElo "2584"]
[BlackElo "2567"]
[WhiteFideId "1001302"]
[BlackFideId "12501255"]
[EventDate "2015.07.21"]

1. f4 d5 2. Nf3 Nf6 3. g3 g6 4. Bg2 Bg7 5. O-O O-O 6. d3 c5 7. c3 Nc6 8. Na3 b6
9. Qe1 Bb7 10. e4 dxe4 11. dxe4 e5 12. f5 Ba6 13. Rf2 Ng4 14. Rd2 Qc7 15. h3 Nf6
16. g4 Rfe8 17. Bf1 Bxf1 18. Kxf1 a6 19. Re2 Rad8 20. Bg5 b5 21. Nc2 Rd3 22. Kg2
Nd7 23. Qf2 h6 24. Bd2 c4 25. Rf1 Qd8 26. Nce1 Rd6 27. Kh1 Nb6 28. Ng2 Na4 29.
Be3 Rd7 30. Rc2 b4 31. cxb4 Nxb4 32. Rxc4 Nd3 33. Qc2 Naxb2 34. Rc3 gxf5 35.
gxf5 Qa8 36. Nd2 Red8 37. Rb3 Rb7 38. Kh2 Rxb3 39. axb3 Rc8 40. Qb1 Rc3 41. f6
Bf8 42. Rg1 Kh7 43. Qf1 Qc8 44. Ne1 Bc5 45. Rg7+ Kh8 46. Qg2 Qf8 47. Bxh6 Nxe1
48. Qg5 Rc2 49. Qh5 Nf3+ 50. Kg2 1-0

[Event "Dutch Open 2015"]
[Site "Dieren NED"]
[Date "2015.07.27"]
[Round "6.2"]
[White "Van Foreest, Jorden"]
[Black "L'Ami, Erwin"]
[Result "1/2-1/2"]
[WhiteTitle "IM"]
[BlackTitle "GM"]
[WhiteElo "2514"]
[BlackElo "2628"]
[WhiteFideId "1039784"]
[BlackFideId "1007998"]
[EventDate "2015.07.21"]

1. e4 e6 2. d4 d5 3. Nc3 Nf6 4. e5 Nfd7 5. f4 c5 6. Nf3 Nc6 7. Be3 a6 8. Qd2 b5
9. dxc5 Bxc5 10. Bd3 Qb6 11. Bf2 h6 12. O-O Bxf2+ 13. Rxf2 Nc5 14. a3 O-O 15.
Raf1 a5 16. Ne2 b4 17. axb4 axb4 18. Qe3 d4 19. Nexd4 Nxd3 20. cxd3 Rd8 21. Nf5
Qxe3 22. Nxe3 Rxd3 23. Nc4 Ne7 24. Rc1 Bb7 25. Ne1 Rd4 26. Nd6 Be4 27. g3 Nf5
28. Nxe4 Rxe4 29. Nf3 Rd8 30. Rfc2 Nd4 31. Rc8 Rxc8 32. Rxc8+ Kh7 33. Kf2 Re2+
34. Kf1 Re4 35. Kf2 Re2+ 36. Kf1 Re4 37. Kf2 1/2-1/2

[Event "Dutch Open 2015"]
[Site "Dieren NED"]
[Date "2015.07.27"]
[Round "6.3"]
[White "Harff, Marcel"]
[Black "Ikonnikov, Vyacheslav"]
[Result "1/2-1/2"]
[WhiteTitle "FM"]
[BlackTitle "GM"]
[WhiteElo "2313"]
[BlackElo "2527"]
[WhiteFideId "24621382"]
[BlackFideId "4100972"]
[EventDate "2015.07.21"]

1. c4 e5 2. g3 Nc6 3. Bg2 g6 4. Nc3 Bg7 5. e3 d6 6. Nge2 f5 7. d4 e4 8. O-O Nf6
9. b4 O-O 10. Rb1 a6 11. a4 Ne7 12. f3 exf3 13. Bxf3 Rb8 14. Qd3 Kh8 15. Bd2 Be6
16. Nf4 Bg8 17. b5 axb5 18. axb5 g5 19. Nfd5 Nfxd5 20. Nxd5 h6 21. Nxe7 Qxe7 22.
Rbe1 Qd7 23. Bc3 c6 24. bxc6 bxc6 25. d5 c5 26. e4 fxe4 27. Bxe4 Bxc3 28. Qxc3+
Qg7 29. Qxg7+ Kxg7 30. Bf5 Rb4 31. Re7+ Rf7 32. Re8 Ra7 33. Rd8 Rxc4 34. Rxd6
Bf7 35. Rc6 Rd4 36. d6 Ra5 37. Bb1 Ra8 38. Rc7 Rf8 39. Ba2 c4 40. Bxc4 Rxc4 41.
Rfxf7+ Rxf7 42. Rxc4 Kf6 43. Rc7 Rf8 44. Rh7 Kg6 45. Rc7 Kf6 46. Kg2 Ra8 47. Kf3
Ra2 48. Rh7 Rxh2 49. d7 Rd2 50. Rxh6+ Kg7 51. Ra6 Rxd7 52. Kg4 Rd3 53. Ra5 1/2-1/2

[Event "Dutch Open 2015"]
[Site "Dieren NED"]
[Date "2015.07.27"]
[Round "6.4"]
[White "Zwirs, Nico"]
[Black "Haslinger, Stewart G"]
[Result "1/2-1/2"]
[BlackTitle "GM"]
[WhiteElo "2346"]
[BlackElo "2526"]
[WhiteFideId "1036432"]
[BlackFideId "405248"]
[EventDate "2015.07.21"]

1. e4 e5 2. Nf3 Nc6 3. Bc4 Bc5 4. c3 Nf6 5. d3 a6 6. Nbd2 O-O 7. h3 Ba7 8. Bb3
d5 9. exd5 Nxd5 10. Ne4 Nf4 11. Bxf4 exf4 12. O-O Bf5 13. Re1 Re8 14. Neg5 Rxe1+
15. Qxe1 Bg6 16. d4 Na5 17. Ne4 Nxb3 18. axb3 Qd5 19. Ned2 f6 20. b4 Re8 21. Qf1
c6 22. Qc4 Bb6 23. Re1 Rxe1+ 24. Nxe1 a5 25. bxa5 Bxa5 26. Qxd5+ cxd5 27. Kf1
Kf8 28. Ke2 Bh5+ 29. f3 Ke7 30. Nd3 Bc7 31. Nb3 b6 32. Nbc1 Be8 33. Kd2 g5 34.
b3 Bb5 35. Ne2 Bd6 36. Nb2 Ba6 37. Na4 Bc7 38. Nb2 Bd6 39. Na4 Bc7 40. Nb2 Bd6
41. Na4 1/2-1/2

[Event "Dutch Open 2015"]
[Site "Dieren NED"]
[Date "2015.07.27"]
[Round "6.5"]
[White "Beerdsen, Thomas"]
[Black "Brandenburg, Daan"]
[Result "0-1"]
[WhiteTitle "FM"]
[BlackTitle "GM"]
[WhiteElo "2317"]
[BlackElo "2511"]
[WhiteFideId "1030108"]
[BlackFideId "1011014"]
[EventDate "2015.07.21"]

1. e4 c5 2. Nf3 d6 3. d4 cxd4 4. Nxd4 Nf6 5. Nc3 Nc6 6. Bc4 e6 7. Be3 a6 8. Bb3
Qc7 9. O-O Be7 10. f4 O-O 11. Qf3 Nxd4 12. Bxd4 Bd7 13. f5 b5 14. a3 Rad8 15.
Rad1 h6 16. Rd3 e5 17. Bf2 Bc6 18. Bh4 Nh7 19. Qg4 Bxh4 20. Qxh4 Nf6 21. Bd5
Bxd5 22. Rg3 Kh7 23. Nxd5 Nxd5 24. f6 g5 25. Rxg5 Rg8 26. Rxg8 Rxg8 27. exd5
Qxc2 28. Qf2 Qxf2+ 29. Kxf2 Rc8 30. b4 Rc3 31. Ra1 Kg6 32. a4 Rd3 33. axb5 axb5
34. Ra6 Rxd5 35. Rb6 Kxf6 36. Ke3 Ke6 37. Rb7 h5 38. g3 h4 39. Kf3 hxg3 40. hxg3
f5 41. Ke3 e4 42. Rb8 Rd3+ 43. Kf2 Rf3+ 44. Kg2 Rb3 45. Rxb5 Rb2+ 46. Kf1 e3 47.
Rb8 Ke5 48. b5 Ke4 0-1

[Event "Dutch Open 2015"]
[Site "Dieren NED"]
[Date "2015.07.27"]
[Round "6.6"]
[White "Yankelevich, Lev"]
[Black "Lecomte, Robin"]
[Result "1-0"]
[WhiteElo "2420"]
[BlackElo "2331"]
[WhiteFideId "24684074"]
[BlackFideId "1037170"]
[EventDate "2015.07.21"]

1. d4 d5 2. c4 c6 3. Nf3 Nf6 4. Nc3 dxc4 5. a4 Bf5 6. e3 Nbd7 7. Bxc4 e6 8. O-O
Bb4 9. Qe2 Bg6 10. e4 Bxc3 11. bxc3 Nxe4 12. Ba3 Nb6 13. Bb3 Nxc3 14. Qb2 Ne4
15. Ne5 Nd6 16. a5 Nbc8 17. d5 exd5 18. Nxg6 hxg6 19. Qxg7 Qh4 20. h3 Kd7 21.
Rad1 Rh7 22. Qb2 Rh5 23. Rd4 Qg5 24. Bd1 Rh4 25. Rxh4 Qxh4 26. Re1 b6 27. Bg4+
Kc7 28. Qe5 Qd8 29. Bxc8 Rxc8 30. Qe7+ Qxe7 31. Rxe7+ Kb8 32. Bxd6+ Ka8 33. a6
c5 34. Kf1 c4 35. Ke2 f6 36. Ke3 c3 37. Rc7 Rd8 38. Kd4 1-0

[Event "Dutch Open 2015"]
[Site "Dieren NED"]
[Date "2015.07.27"]
[Round "6.7"]
[White "Maris, Ivo"]
[Black "Miedema, David"]
[Result "1-0"]
[BlackTitle "IM"]
[WhiteElo "2262"]
[BlackElo "2356"]
[WhiteFideId "1028146"]
[BlackFideId "1018477"]
[EventDate "2015.07.21"]

1. Nf3 Nf6 2. c4 e6 3. Nc3 d5 4. d4 Be7 5. g3 O-O 6. Bg2 c6 7. O-O Nbd7 8. Nd2
e5 9. dxe5 Nxe5 10. cxd5 cxd5 11. Nb3 Be6 12. Nd4 Nc6 13. Be3 Qd7 14. Nxc6 bxc6
15. Na4 Bh3 16. Rc1 Rfe8 17. Qc2 Rac8 18. Nc5 Qg4 19. Bf3 Qb4 20. Rfd1 Bxc5 21.
Bxc5 Qb7 22. Rd4 Qd7 23. Rf4 Re6 24. Rh4 Ree8 25. Rf4 h6 26. Rd1 Nh7 27. Ra4 Rc7
28. Bh1 Bf5 29. e4 Bg4 30. f3 Bh5 31. h4 Nf6 32. Bd4 Qh3 33. Bxf6 Qxg3+ 34. Qg2
Qxg2+ 35. Bxg2 gxf6 36. exd5 cxd5 37. Rxd5 Re5 38. Rxe5 fxe5 39. Ra5 f6 40. f4
Re7 41. fxe5 fxe5 42. Kf2 Kg7 43. Ke3 Bf7 44. b4 Kg6 45. Ra6+ Kg7 46. a4 Rd7 47.
b5 Bb3 48. Bc6 Re7 49. Be4 Rd7 50. a5 h5 51. b6 axb6 52. axb6 1-0

[Event "Dutch Open 2015"]
[Site "Dieren NED"]
[Date "2015.07.27"]
[Round "6.8"]
[White "Mueer, Sebastian"]
[Black "Vereggen, Lars"]
[Result "0-1"]
[BlackTitle "FM"]
[WhiteElo "2210"]
[BlackElo "2314"]
[WhiteFideId "24622001"]
[BlackFideId "1029258"]
[EventDate "2015.07.21"]

1. c4 g6 2. g3 Bg7 3. Bg2 d6 4. Nc3 e5 5. d3 Ne7 6. e4 O-O 7. Nge2 Nd7 8. O-O
Nc5 9. Be3 Nc6 10. Qd2 Nd4 11. b4 Nce6 12. Bh6 a5 13. Bxg7 Kxg7 14. Nxd4 Nxd4
15. Nb5 Ne6 16. a3 c6 17. Nc3 f5 18. exf5 gxf5 19. f4 exf4 20. gxf4 axb4 21.
axb4 Rxa1 22. Rxa1 Qb6+ 23. Kh1 Qxb4 24. Rb1 Qc5 25. Ne2 Rf6 26. Rc1 Qf2 27. Rf1
Qh4 28. d4 Rh6 29. h3 Rg6 30. Qe3 Nf8 31. d5 c5 32. Ra1 Nd7 33. Kh2 Kh6 34. Ra8
Nb6 35. Ra2 Nxc4 36. Qg1 b5 37. Ra8 Bb7 0-1

[Event "Dutch Open 2015"]
[Site "Dieren NED"]
[Date "2015.07.27"]
[Round "6.9"]
[White "Mellema, Andries"]
[Black "Beukema, Stefan"]
[Result "0-1"]
[BlackTitle "FM"]
[WhiteElo "2171"]
[BlackElo "2363"]
[WhiteFideId "1011464"]
[BlackFideId "1024523"]
[EventDate "2015.07.21"]

1. e4 e5 2. Nf3 Nc6 3. Nc3 Nf6 4. d4 exd4 5. Nxd4 Bb4 6. Nxc6 bxc6 7. Bd3 d6 8.
O-O Ng4 9. h3 Ne5 10. Be3 O-O 11. a3 Bxc3 12. bxc3 f5 13. f4 Nxd3 14. cxd3 fxe4
15. dxe4 Ba6 16. Re1 Qe7 17. Qa4 Bd3 18. Bd2 c5 19. Qc6 Bc4 20. Rab1 Rab8 21.
Rxb8 Rxb8 22. e5 Bf7 23. e6 Bg6 24. Qd5 Rb2 25. f5 Be8 26. c4 Qf6 27. e7+ Qf7
28. Qd3 Bc6 29. Re2 Rb8 30. Bc3 Re8 31. f6 gxf6 32. Qg3+ Qg7 33. Qe3 Qg5 34.
Qe6+ Kg7 35. Bb2 Rb8 36. Kh2 Qf4+ 37. g3 Qf1 38. Qg4+ Kh8 39. e8=Q+ Rxe8 40.
Rxe8+ Bxe8 41. Qc8 Qe2+ 42. Kg1 Qe3+ 43. Kh2 Qe2+ 44. Kg1 Kg7 45. Qxc7+ Bf7 46.
Qb7 Qxc4 47. Qf3 Qe6 48. Qc3 Bg6 49. g4 h6 50. Kf2 Qe5 51. Qb3 Qf4+ 52. Kg1 Bf7
53. Qc3 Bc4 54. Qe1 Kf7 55. Bc1 Qf3 56. Qe3 Qxe3+ 57. Bxe3 h5 58. Kf2 hxg4 59.
hxg4 Ke6 60. Kf3 Kd5 61. Bc1 Ke6 62. Be3 Bb5 63. Kf4 Be8 64. Bg1 Bg6 65. Bf2 Kd5
66. Bh4 Ke6 67. Bf2 a6 68. Kf3 Kd5 69. Bh4 f5 70. gxf5 Bxf5 71. Be7 Bh7 72. Ke3
Kc6 73. Bf6 d5 74. Be5 Kb5 75. Bf6 Kc4 76. Kd2 d4 77. Be7 Kb5 78. Bf6 Ka4 79.
Be7 c4 80. Bf6 c3+ 81. Kc1 Kxa3 82. Bxd4 Kb4 0-1

[Event "Dutch Open 2015"]
[Site "Dieren NED"]
[Date "2015.07.27"]
[Round "6.10"]
[White "Boersma, Jan"]
[Black "Kolbus, Dietmar"]
[Result "0-1"]
[BlackTitle "IM"]
[WhiteElo "2119"]
[BlackElo "2309"]
[WhiteFideId "1003267"]
[BlackFideId "4610628"]
[EventDate "2015.07.21"]

1. Nc3 d5 2. e4 c6 3. d4 g6 4. Nf3 Bg7 5. h3 Nh6 6. Bd3 f6 7. O-O Nf7 8. Re1 O-O
9. Bf4 e5 10. dxe5 fxe5 11. Bg3 d4 12. Nb1 Be6 13. Nbd2 c5 14. a4 Nc6 15. Nc4 b6
16. b3 Qe7 17. Qe2 Rac8 18. Na3 Nd6 19. Bb5 Bd7 20. Nc4 Nxc4 21. Bxc4+ Kh8 22.
Bb5 Rce8 23. Qd2 Nb8 24. Bh4 Bf6 25. Bxd7 Nxd7 26. Bg3 Nb8 27. Qd3 Nc6 28. Nd2
Nb4 29. Qc4 a6 30. Nf3 Qe6 31. Qe2 d3 32. cxd3 Qxb3 33. Red1 a5 34. Qd2 Qe6 35.
Qh6 Kg8 36. Qc1 Rf7 37. Qc3 Rd7 38. h4 Red8 39. Nxe5 Rxd3 40. Rxd3 Rxd3 41. Qc1
Bxe5 42. Bxe5 Qxe5 43. Qc4+ Kg7 44. Rb1 Rd4 45. Qc1 Rxe4 46. g3 c4 47. Qd1 c3
48. Qd7+ Qe7 49. Qc8 c2 50. Rf1 Qc5 51. Qd7+ Re7 52. Qd2 Na2 0-1

[Event "Dutch Open 2015"]
[Site "Dieren NED"]
[Date "2015.07.27"]
[Round "6.11"]
[White "Beukema, Jasper"]
[Black "Ypma, Peter"]
[Result "1/2-1/2"]
[WhiteElo "1942"]
[BlackElo "2246"]
[WhiteFideId "1032984"]
[BlackFideId "1027255"]
[EventDate "2015.07.21"]

1. e4 g6 2. Nc3 Bg7 3. f4 a6 4. Nf3 b5 5. d4 d6 6. Be3 Nd7 7. Bd3 Bb7 8. O-O c5
9. e5 Nh6 10. exd6 exd6 11. dxc5 Nxc5 12. f5 Nxd3 13. Bxh6 Bxh6 14. Qxd3 O-O 15.
Rad1 Rc8 16. Ne4 Bxe4 17. Qxe4 Qe8 18. Qh4 Qe3+ 19. Kh1 Qf4 20. Qh3 Bg7 21. c3
Qxf5 22. Qxf5 gxf5 23. Rxd6 Rfe8 24. Rxa6 Re2 25. Rb1 b4 26. cxb4 Rxb2 27. Rd1
Rxb4 28. a4 h6 29. h3 Rb2 30. Rd7 Rcc2 31. Ra8+ Kh7 32. Rxf7 Rxg2 33. Rxf5 Rgc2
34. Rf4 h5 35. Ra5 Rc1+ 36. Ng1 Kg6 37. Rf3 Kh6 38. Rff5 Rcc2 39. Rxh5+ Kg6 40.
Rhg5+ Kh6 41. Nf3 Rf2 42. Raf5 Rxf3 43. Rh5+ Kg6 1/2-1/2

[Event "Dutch Open 2015"]
[Site "Dieren NED"]
[Date "2015.07.27"]
[Round "6.12"]
[White "Lopez, Jasel"]
[Black "Goudriaan, Etienne"]
[Result "1/2-1/2"]
[WhiteTitle "FM"]
[BlackTitle "IM"]
[WhiteElo "2210"]
[BlackElo "2376"]
[WhiteFideId "15900045"]
[BlackFideId "1021150"]
[EventDate "2015.07.21"]

1. d4 Nf6 2. c4 e6 3. Nf3 d5 4. Nc3 c6 5. e3 Nbd7 6. Qc2 Bd6 7. Bd3 dxc4 8. Bxc4
b5 9. Bd3 O-O 10. O-O Bb7 11. a3 a5 12. Ng5 Bxh2+ 13. Kxh2 Ng4+ 14. Kg1 Qxg5 15.
f3 Ngf6 16. e4 Qh4 17. Ne2 e5 18. Be3 Nh5 19. Rfd1 Ng3 20. Qd2 exd4 21. Bg5
Nxe2+ 22. Bxe2 Qg3 23. Bf4 Qh4 24. Bg5 Qg3 25. Bf4 Qh4 26. Bg5 1/2-1/2

[Event "Dutch Open 2015"]
[Site "Dieren NED"]
[Date "2015.07.27"]
[Round "6.13"]
[White "Hamblok, Roel"]
[Black "Patil, Pratik"]
[Result "1/2-1/2"]
[WhiteTitle "FM"]
[WhiteElo "2305"]
[BlackElo "2181"]
[WhiteFideId "209317"]
[BlackFideId "5038758"]
[EventDate "2015.07.21"]

1. d4 Nf6 2. Bg5 Ne4 3. Bf4 d5 4. e3 g6 5. Bd3 Bg7 6. Bxe4 dxe4 7. Nc3 f5 8. f3
c5 9. fxe4 fxe4 10. Nge2 Nc6 11. d5 Ne5 12. Nxe4 Bf5 13. N4c3 O-O 14. O-O Nc4
15. Rb1 e5 16. dxe6 Bxe6 17. Qxd8 Raxd8 18. Rfd1 Rxd1+ 19. Rxd1 Nxb2 20. Rb1 Bc4
21. h4 h6 22. Re1 Re8 23. Kf2 b5 24. Rb1 b4 1/2-1/2

[Event "Dutch Open 2015"]
[Site "Dieren NED"]
[Date "2015.07.27"]
[Round "6.14"]
[White "Afek, Yochanan"]
[Black "Yogesh, Gautam"]
[Result "1/2-1/2"]
[WhiteTitle "IM"]
[WhiteElo "2273"]
[BlackElo "2178"]
[WhiteFideId "2800462"]
[BlackFideId "5009324"]
[EventDate "2015.07.21"]

1. c4 e6 2. g3 f5 3. Bg2 Nf6 4. Nc3 d5 5. d4 Be7 6. Nf3 O-O 7. O-O c6 8. b3 Qe8
9. a4 Qh5 10. Ba3 Bxa3 11. Rxa3 Nbd7 12. b4 Ne4 13. Ne5 Nxe5 14. dxe5 Nxc3 15.
Rxc3 f4 16. Qd4 Qxe2 17. Rf3 Qxc4 18. Qxc4 dxc4 19. Rxf4 Rxf4 20. gxf4 a5 21.
Rb1 c3 1/2-1/2

[Event "Dutch Open 2015"]
[Site "Dieren NED"]
[Date "2015.07.27"]
[Round "6.15"]
[White "Buckels, Valentin"]
[Black "Maatman, Nick"]
[Result "1-0"]
[WhiteElo "2152"]
[BlackElo "2266"]
[WhiteFideId "12942766"]
[BlackFideId "1040391"]
[EventDate "2015.07.21"]

1. Nf3 Nf6 2. c4 e6 3. Nc3 d5 4. e3 c5 5. cxd5 exd5 6. Bb5+ Nc6 7. O-O Bd6 8. d3
O-O 9. Bxc6 bxc6 10. e4 Be7 11. h3 d4 12. Na4 Nd7 13. Qc2 Qa5 14. b3 f5 15. exf5
Nb6 16. Re1 Bd6 17. f6 Ba6 18. Nxb6 axb6 19. fxg7 Rxf3 20. Bd2 Qb5 21. gxf3 Qxd3
22. Qxd3 Bxd3 23. Re6 Rd8 24. Bh6 Bf5 25. Rf6 Bg6 26. a4 d3 27. a5 bxa5 28. Rxa5
Be7 29. Re6 c4 30. Rxe7 c3 31. Rd7 Rb8 32. Rc5 c2 33. Rd6 Re8 34. Rcxc6 1-0

[Event "Dutch Open 2015"]
[Site "Dieren NED"]
[Date "2015.07.27"]
[Round "6.16"]
[White "Van Osch, Mees"]
[Black "Van Helvoort, Rob"]
[Result "1/2-1/2"]
[WhiteElo "2264"]
[BlackElo "2130"]
[WhiteFideId "1035967"]
[BlackFideId "1005596"]
[EventDate "2015.07.21"]

1. e4 c5 2. Nf3 Nc6 3. d4 cxd4 4. Nxd4 Nf6 5. Nc3 e5 6. Ndb5 d6 7. Nd5 Nxd5 8.
exd5 Nb8 9. a4 a6 10. Na3 Be7 11. Be2 O-O 12. O-O f5 13. f4 Nd7 14. Nc4 a5 15.
c3 b6 16. Be3 exf4 17. Bxf4 Nc5 18. Qe1 g5 19. Be3 f4 20. Bxc5 bxc5 21. Bd3 Bf6
22. Qd2 Ba6 23. Na3 Be5 24. Bxa6 Rxa6 25. Nc4 Qf6 26. Rae1 Re8 27. Kh1 Kg7 28.
Qd3 Ra7 29. g4 Qf7 30. Rf2 Qd7 31. Qd1 Qd8 32. Rfe2 Rae7 33. Re4 Qa8 34. Qd3 Qa7
35. Kg2 Qd7 36. Qd1 Qc7 37. h3 Qa7 38. Qd3 Qa8 39. Kf3 h5 40. Nxe5 Rxe5 41. Rxe5
hxg4+ 42. hxg4 dxe5 43. c4 Qb8 44. Qc3 Qd6 45. Rh1 Qf6 46. Kf2 Qg6 47. Re1 Kf7
48. Rxe5 Rxe5 49. Qxe5 Qc2+ 50. Qe2 Qxe2+ 51. Kxe2 Ke7 52. Kf3 1/2-1/2

[Event "Dutch Open 2015"]
[Site "Dieren NED"]
[Date "2015.07.27"]
[Round "6.17"]
[White "Beeke, Bob"]
[Black "Bus, Tom"]
[Result "1-0"]
[WhiteElo "2247"]
[BlackElo "2153"]
[WhiteFideId "1011634"]
[BlackFideId "1014374"]
[EventDate "2015.07.21"]

1. d4 Nf6 2. c4 c5 3. Nf3 cxd4 4. Nxd4 e5 5. Nb5 d5 6. cxd5 Bc5 7. N5c3 O-O 8.
g3 Qb6 9. e3 Bg4 10. Be2 Bxe2 11. Qxe2 e4 12. O-O Nbd7 13. Nd2 Rfe8 14. a3 Rac8
15. b4 Bd6 16. Bb2 a6 17. Rac1 Qd8 18. Nc4 Rxc4 19. Qxc4 Ne5 20. Qe2 Nf3+ 21.
Kh1 Qe7 22. Nb1 Qd7 23. Kg2 Qg4 24. Rh1 Nh4+ 25. Kf1 Qh3+ 26. Ke1 Nf3+ 27. Kd1
Nxd5 28. Nd2 Qg2 29. Kc2 h5 30. Kb1 Be5 31. Nxf3 exf3 32. Qd2 Bxb2 33. Qxb2 Qh3
34. Rc5 Nb6 35. Rg5 g6 36. Rc1 Na4 37. Qb3 Qd7 38. Qd5 Qxd5 39. Rxd5 Re7 40. Kc2
Nb6 41. Rd4 Nd7 42. Kd2 Nf6 43. Rf4 Ng4 44. Rxf3 Nxh2 45. Rf4 Ng4 46. Ke2 Ne5
47. Rd4 Kg7 48. Rc5 Nc6 49. Rdd5 f6 50. Rd6 Ne5 51. a4 g5 52. b5 axb5 53. Rxb5
Rc7 54. f4 Nf7 55. Rd2 h4 56. gxh4 gxf4 57. exf4 Kh6 58. Kf3 Rc3+ 59. Ke4 Rc6
60. Rbd5 Kg6 61. h5+ Kg7 62. Rd7 Kf8 63. Kf5 Ke8 64. Kg6 f5+ 65. Kg7 b5 66. Rxf7 1-0